000 01391nam a2200289 i 4500
001 163897
003 ES-MaACL
005 20250930063144.0
008 990924s1897 sp |||| | spa d
040 _aCCPB | B
_bspa
_cCCPB | B
080 _a930.85(=82:72)
080 _a930.85(=87:85)
100 1 _aRomán, Jerónimo,
_d1535-1597
_9132044
245 1 0 _aRepúblicas de Indias, idolatrías y gobierno en México y Perú antes de la conquista /
_cordenadas por Fr. Jerónimo Román y Zamora.
250 _aReimp. según la ed. de 1575 con una addenda de las noticias que hay en la Cronica, del mismo autor imp. en 1569.
260 _aMadrid :
_bVictoriano Suárez,
_c1897 (
_fImp. de Gómez)
300 _a2 v. (332, [3] p. ; 328 p.) ;
_c18 cm.
490 1 _aColección de libros raros o curiosos que tratan de América ;
_v14 -15
510 4 _aPalau,
_c276583
530 _aDisponible en formato digital.
650 0 4 _aIndios de México.
_9157375
650 4 _aIndios de Perú.
_9153637
830 0 0 _aColección de libros raros o curiosos que tratan de América
_v14 -15
_9188448
852 _aES-MaACL
_jR-2960-79
_z-- Enc. hol., conservando la cub. original
_x.- Olim: D-3069-88
856 _uhttp://bibliotecadigitalhispanica.bne.es:80/webclient/DeliveryManager?pid=2680230&custom_att_2=simple_viewer
_zBiblioteca Digital Hispánica
999 _c163897
_d163897